| Tag |
First Indicator |
Second Indicator |
Subfields |
| LEADER |
00000cam a2200000 4500 |
| 001 |
in00001975821 |
| 006 |
m | d | |
| 007 |
cr |n||||||||n |
| 008 |
791208s1794 enk|||| s 00| ||eng d |
| 005 |
20260406213954.3 |
| 035 |
|
|
|a (CStRLIN)ESTCT86079
|
| 040 |
|
|
|a Uk-ES
|c Uk-ES
|d CStRLIN
|d Thomson Gale
|d UtOrBLW
|
| 100 |
1 |
|
|a Horne, Melvill,
|d 1762-1841.
|
| 245 |
1 |
0 |
|a Letters on missions :
|b addressed to the Protestant ministers of the British churches. By Melvill Horne, ...
|
| 264 |
|
3 |
|a Bristol :
|b printed by Bulgin and Rosser,
|c 1794.
|
| 300 |
|
|
|a xii,144p. ;
|c 8⁰.
|
| 336 |
|
|
|a text
|b txt
|2 rdacontent
|
| 337 |
|
|
|a computer
|b c
|2 rdamedia
|
| 338 |
|
|
|a online resource
|b cr
|2 rdacarrier
|
| 500 |
|
|
|a Reproduction of original from the British Library.
|
| 510 |
4 |
|
|a English Short Title Catalog,
|c ESTCT86079.
|
| 533 |
|
|
|a Electronic reproduction.
|b Farmington Hills, Mich. :
|c Thomson Gale,
|d 2003.
|n Available via the World Wide Web.
|n Access limited by licensing agreements
|7 s2003 miunns
|
| 500 |
|
|
|a Electronic resource.
|
| 830 |
|
0 |
|a Eighteenth century collections online.
|
| 856 |
4 |
0 |
|u http://proxy.library.tamu.edu/login?url=https://galenet.galegroup.com/servlet/ECCO?c=1&stp=Author&ste=11&af=BN&ae=T086079&tiPG=1&dd=0&dc=flc&docNum=CW118102299&vrsn=1.0&srchtp=a&d4=0.33&n=10&SU=0LRF&locID=txshracd2898
|z Full text online
|t 0
|
| 999 |
|
|
|a MARS
|
| 999 |
f |
f |
|s 5927c165-5288-3cc1-8595-aa7d44964009
|i 0b37e2e0-ed24-3b1c-8f30-2e8f6389af19
|t 0
|
| 952 |
f |
f |
|a Texas A&M University
|b College Station
|c Electronic Resources
|s www_evans
|d Available Online
|t 0
|h No information provided
|
| 998 |
f |
f |
|t 0
|l Available Online
|